MARC details
| 000 -LEADER |
| fixed length control field |
00869cam a22002174a 4500 |
| 001 - CONTROL NUMBER |
| control field |
15635709 |
| 005 - DATE AND TIME OF LATEST TRANSACTION |
| control field |
20231205020410.0 |
| 008 - FIXED-LENGTH DATA ELEMENTS--GENERAL INFORMATION |
| fixed length control field |
090224s2009 ce ab bs 001 0 eng |
| 020 ## - INTERNATIONAL STANDARD BOOK NUMBER |
| ISBN |
9789556591552 |
| 040 ## - CATALOGING SOURCE (பட்டியலாக்க மூலம்) |
| Original cataloging agency |
DLC |
| Transcribing agency |
DLC |
| Modifying agency |
DLC |
| 082 ## - DDC Classification |
| DDC Edition Number |
22 |
| Class No. |
305.5. |
| 245 00 - TITLE STATEMENT |
| Title |
Casteless or caste-blind? : |
| Remainder of title |
dynamics of concealed caste discrimination, social exclusion, and protest in Sri Lanka / |
| Statement of responsibility, etc. |
editors, Kalinga Tudor Silva, P.P. Sivapragasam, Paramsothy Thanges. |
| 260 ## - PUBLICATION, DISTRIBUTION, ETC. |
| Place of publication, distribution, etc. |
Copenhagen : |
| Name of publisher, distributor, etc. |
International Dalit Solidarity Network ; |
| Place of publication, distribution, etc. |
New Delhi : Indian Institute of Dalit Studies ; |
| -- |
Colombo : |
| Name of publisher, distributor, etc. |
Kumaran Book House, |
| Date of publication, distribution, etc. |
2009. |
| 300 ## - PHYSICAL DESCRIPTION |
| Extent (e.g. Volumes, Pages etc.) |
xviii, 180 p. : |
| 500 ## - GENERAL NOTE |
| General note |
Includes statistical tables. |
| 650 #0 - SUBJECT ADDED ENTRY--TOPICAL TERM |
| Topical term or geographic name entry element |
Caste-based discrimination |
| 700 1# - ADDED ENTRY--PERSONAL NAME |
| Personal name |
Silva, Kalinga Tudor, |
| Relator term (Role) |
Editor |
| 700 1# - ADDED ENTRY--PERSONAL NAME |
| Personal name |
Sivapragasam, P. P. |
| Relator term (Role) |
Editor |
| 700 1# - ADDED ENTRY--PERSONAL NAME |
| Personal name |
Thanges, Paramsothy. |
| Relator term (Role) |
Editor |
| 942 ## - Koha item type (Biblio) |
| Koha item type |
Books in Stacks (Lending) |